Probability via expectation

Αποθηκεύτηκε σε:
Λεπτομέρειες βιβλιογραφικής εγγραφής
Κύριος συγγραφέας: Whittle, Peter
Μορφή: Βιβλίο
Γλώσσα:English
Δημοσίευση: New York : Springer-Verlag, c1992
Έκδοση:3rd ed.
Σειρά:Springer texts in statistics
Θέματα:
Ετικέτες: Προσθήκη ετικέτας
Δεν υπάρχουν, Καταχωρήστε ετικέτα πρώτοι!

MARC

LEADER 00000nam a2200000 i 4500
001 1/76562
008 990505s1992 eng d
020 |a 3-540-97764-3 
035 |l 10049638 
040 |a GR-MY-UA  |b gre  |e aacr 
041 0 |a eng 
082 0 |a 519.2 
100 1 |a Whittle, Peter. 
245 1 0 |a Probability via expectation /  |c Peter Whittle 
250 |a 3rd ed. 
260 |a New York :   |b Springer-Verlag,   |c c1992 
300 |a xviii, 300 p.;  |b ill.;  |c 25 cm. 
490 1 |a Springer texts in statistics 
500 |a Includes bibliographical references and index 
650 0 0 |a Probabilities. 
830 0 |a Springer texts in statistics 
852 |a INST  |b SAMOS  |e 19990505  |h 519.2 WHI  |p 005300014732  |q 005300014732  |t BK  |y 0 
901 |a BIBL-1999-2 
909 |a Σ  |b 064543 
922 |a 3ΕΛΗ  |b 199903  |c ΚΠΣ  |d GLORY 
950 |a 116-1998-08-10